| 000 | 00522nam a2200193 a 4500 | ||
|---|---|---|---|
| 005 | 20140310183335.0 | ||
| 008 | 060920s19uu xx 00 eng d | ||
| 020 | _a0-495-09360-2 | ||
| 050 |
_aQP 360 _b.K124 2007 |
||
| 100 | _aKalat, James W. | ||
| 245 | _aBiological psychology/. | ||
| 260 |
_aAustralia : _bThomson Wadsworth, _c2007. |
||
| 300 |
_a582 p. : _bill. (some col.) ; _c29 cm. |
||
| 521 | _aNUR | ||
| 650 | _aNeuropsychology. | ||
| 650 | _aPsychobiology. | ||
| 942 |
_cBK _2lcc _kFOR |
||
| 999 |
_c21659 _d21659 |
||